000 00659nam a22002177a 4500
003 UA-OsUOA
001 95310
007 ta
008 20130227b un ||||| |||| 00| 0 ukr d
100 _aКір'ян В.
090 _a330(477)
_bК46
942 _cSA
040 _aUA-OsUOA
_bukr
_cUA-OsUOA
_dUA-OsUOA
245 _aЗаробітна плата як об'єкт державної макроекономічної політики
300 _aС.16-23
955 _a0
041 _aukr
080 _a330(477)
773 0 _w95307
_tУкраїна: аспекти праці
_dК.
_d2013
_g1
650 7 _a330 Економіка взагалі
_2UDC
999 _c381557
_d381557